000 00387nam a22001457a 4500
020 _a9780414099739
082 _a346.0488
_bMEL
100 _aMellor, James
245 _aKerly's Law of Trade Marks and Trade Names /
_cJames Mellor
250 _a17TH Edition
260 _aEngland:
_bThomson Reuters,
_c2024.
300 _a1853 p. ;
_c24 cm.
563 _aHB.
942 _2ddc
_cBK
999 _c613912
_d613912